00409nam a22001457a 4500003000500000038001500005082000800020100001800028245009200046260003600138300002700174500001500201650002400216700002300240NUST aMr. Zahoor a530 aAleem, Abeera aCentrifugal force reversal in the vicinity of a Schwarzschild black hole cAbeera Aleem aIslamabad :bSNS - NUST,c2018. a92 p. : ill. ;c30 cm. aHardcover. aPhysics - MS Thesis aProf. Asghar Qadir